|
|
|
|
| LEADER |
00000cam a2200000 a 4500 |
| 001 |
vtls010025915 |
| 003 |
SK-MaSNL |
| 005 |
20260301083346.0 |
| 008 |
180730s2009 xo oablg 000 0 slo |
| 015 |
|
|
|a SNBA2010/03-01482
|
| 020 |
|
|
|a 9788097012946
|q (brož.)
|
| 035 |
|
|
|a 5C866DD6-9F0F-466F-8FED-323F8427E9DC
|
| 035 |
|
|
|a urn:nbn:sk:snk-amjwk9
|
| 035 |
|
|
|a urn:nbn:sk:snk-am007za8
|
| 040 |
|
|
|a SNK
|b slo
|c SNK
|e AACR2
|
| 041 |
0 |
|
|a slo
|b eng
|b ger
|
| 043 |
|
|
|a e-xo---
|
| 044 |
|
|
|a xo
|c SK
|
| 072 |
|
7 |
|a 94(437)
|x Dejiny Česka a Slovenska
|2 konspekt
|
| 080 |
|
|
|a 94(437.6)
|2 2001
|
| 080 |
|
|
|a 316.72/.75
|2 2001
|
| 080 |
|
|
|a (092)
|2 2001
|
| 245 |
0 |
0 |
|a Míľniky histórie mesta Spišská Nová Ves
|b od najstarších čias po súčasnosť : svojmu mestu-
|c [texty zostavila a redakčne pripravila] Ružena Kormošová ; [fotografie Miloš Fiľa ... [et al.] ; kresby Ivan Frankovič]
|
| 260 |
|
|
|a Spišská Nová Ves
|b Mesto Spišská Nová Ves
|c 2009
|
| 300 |
|
|
|a 56 s.
|b fotogr., ilustr., mp., tab.
|c 30 cm
|
| 546 |
|
|
|a Res. angl., nem.
|
| 650 |
0 |
7 |
|a kultúra a spoločnosť
|2 SNKPH
|9 4083
|
| 650 |
0 |
7 |
|a Culture and society
|2 SNKPHeng
|9 265089
|
| 650 |
0 |
7 |
|a dejiny
|2 SNKPH
|9 3825
|
| 651 |
|
7 |
|a Spišská Nová Ves (Slovensko)
|2 SNKPH
|9 28800
|
| 651 |
|
7 |
|a Spišská Nová Ves (Slovakia)
|2 SNKPHeng
|9 221203
|
| 655 |
|
7 |
|a History
|2 SNKPHeng
|9 319548
|
| 700 |
1 |
|
|a Kormošová, Ružena,
|d 1958-
|4 aut
|4 com
|9 108671
|
| 700 |
1 |
|
|a Fiľa, Miloš
|4 pht
|9 410106
|
| 700 |
1 |
|
|a Frankovič, Ivan
|4 ill
|9 372904
|
| 852 |
|
|
|a Štátna vedecká knižnica v Banskej Bystrici
|
| 919 |
|
|
|a 978-80-970129-4-6
|
| 968 |
|
|
|d 93/94
|
| 999 |
|
|
|c 660340
|d 662270
|
| 952 |
|
|
|a SNK
|b SNK
|y PREZ
|7 0
|p 17A0640935
|o snkSB 78810
|i snk2010/94
|8 0
|0 0
|1 0
|4 0
|d 2010-01-05
|f 1
|l 0
|r 2025-04-29 00:00:00
|w 2026-02-23
|
| 952 |
|
|
|a SNK
|b SNK
|y VYP
|7 0
|p 17A0665048
|o snkSB 78810 D1
|i snk2010/14268
|8 0
|0 0
|1 0
|4 0
|d 2010-06-29
|l 0
|r 2016-06-30 00:00:00
|w 2026-02-23
|